Guess The Indian Cities By Their Pictures #1 - Statistics

General Stats
  • This quiz has been taken 419 times
  • The average score is 5 of 15
Answer Stats
Picture Answer % Correct
Agra
98%
Mumbai
78%
Jaipur
52%
Varanasi
50%
Chennai
42%
Bengaluru
34%
Lucknow
31%
Pune
25%
Kochi
23%
Shimla
23%
Bhubaneswar
19%
Indore
14%
Nagpur
11%
Gurgaon
5%
Brahmapur
2%
No matching quizzes found
Score Distribution
Percent of People with Each Score
Percentile by Number Answered
Your Score History
You have not taken this quiz